| 000 | 00672cab a2200217 4500 | ||
|---|---|---|---|
| 001 | WB2941-64 | ||
| 008 | 090401t1993 xxu||||| |||| 00| 0 eng d | ||
| 035 | _a(Sirsi) u62911 | ||
| 041 | _aeng | ||
| 245 | _aWindfall for sporting estates | ||
| 260 | _c1993 | ||
| 350 | _a0 | ||
| 490 |
_aDaily Telegraph _v4 November 1993, 2(1) |
||
| 520 | _aScottish sporting estates are to receive a £2m windfall after government announced that they will be exempt from payment of business rates from 1995. | ||
| 650 | _aSPORTING ESTATES | ||
| 650 | _aUNIFORM BUSINESS RATE | ||
| 690 | _aRATING AND VALUATION | ||
| 690 | _aRURAL PRACTICE | ||
| 942 | _n0 | ||
| 948 | _c04/03/1997 | ||
| 999 |
_c39086 _d39086 |
||